Sudden Death: Lowest Population Growth - Statistics

General Stats
  • This quiz has been taken 108 times
  • The average score is 2 of 16
Answers on the Grid
Answers color-coded by a green-red scale on the quiz's grid according to % correct below.
American Samoa
Andorra
Armenia
Belarus
Bosnia and Herzegovina
Bulgaria
Cook Islands
Croatia
Cuba
Estonia
F. S. Micronesia
Georgia
Germany
Greece
Hungary
Japan
Latvia
Lithuania
Maldives
Moldova
Montenegro
Northern Mariana Islands
Poland
Portugal
Puerto Rico
Romania
Russia
Saint Pierre and Miquelon
Saint Vincent and the Grenadines
Serbia
Tonga
U.S. Virgin Islands
 
Answer Stats
Answer % Correct
American Samoa
38%
Russia
26%
Bulgaria
19%
Romania
15%
F. S. Micronesia
11%
Saint Pierre and Miquelon
11%
Estonia
9%
Latvia
9%
Moldova
9%
Serbia
9%
U.S. Virgin Islands
9%
Lithuania
8%
Poland
8%
Puerto Rico
8%
Cook Islands
6%
Georgia
4%
No matching quizzes found
Score Distribution
Percent of People with Each Score
Percentile by Number Answered
Your Score History
You have not taken this quiz